Представление документа в формате MARC21

Поле Инд. ПП Название Значение
Тип записи a
Библиографический уровень m
001 Контрольный номер 50029c6d-1eeb-4529-afd9-2bba3d8fb571
005 Дата корректировки 20140226190846.3
008 Кодируемые данные 020808
020 c Цена, тираж 20.00
041 a Код языка текста rus
080 a Индекс УДК 517.518.2
084 a Индекс другой классификации/Индекс ББК В161.542
a Индекс другой классификации/Индекс ББК В126
090 x Авторский знак К23
a Полочн. индекс 517.214.13
100 1_ a Автор Карлесон Леннарт
245 00 a Заглавие Избранные проблемы теории исключительных множеств
c Ответственность Л. Карлесон; Пер. с англ. В. П. Хавина; Под ред. В. Г. Мазьи
260 0_ a Место издания Москва
b Издательство Мир
c Дата издания 1971
300 a Объем 125,[1] с.
440 a Серия Б-ка сб. "Математика"
500 a Примечание Перевод изд.: Selected problems on exceptional sets / by Lennart Carleson (1967).
504 a Библиография Библиогр.: с.7, с.122-125.
583 a Действие Приписка 345 08.08.2002
k Исполнитель действия Дар Язенина А.В.
650 a Основная рубрика Функции
x Основная подрубрика Теория
650 a Основная рубрика Множества функций
650 a Основная рубрика Математический анализ
650 a Основная рубрика Множеств теория
653 a Ключевые слова Теория функций
a Ключевые слова Функции
a Ключевые слова Множества функций
a Ключевые слова Математический анализ
a Ключевые слова Теория множеств
700 1_ a Другие авторы Хавин В. П.
e Роль лиц пер.
700 1_ a Другие авторы Мазья В. Г.
e Роль лиц ред.
852 t Порядковый номер экземпляра 3
p Инвентарный номер 376303
p Инвентарный номер 376304
p Инвентарный номер 748735 20.00
888 a Бесплатные
952 p 345.2002 20.00 1 748735
c Вид литературы К рн
954 a Дата поступления на обработку 20020820
999 a Подразделение 2 Фил3